00784nam a2200193 i 450000100060000000300090000600500170001500700030003200800410003510000280007624500600010426000530016430000320021750001300024960000420037985200310042199900170045295201210046948956ES-MaACL20250902131137.0t|030703s1952 ag ||||1| spa d1 aCornejo, Atilio.94060710aLevillier, historiador de América / cAtilio Cornejo. aSalta : b[s.n.], c1952 (fImp. Rómulo D'Uva) a125 p., 1 lám. ; c23 cm. aEs separata de: Boletín del Instituto de S. Felipe y Santiago de Estudios Históricos de Salta. T. VI, nº 25, año 1951.14aLevillier, Roberto,d1886-1969971965 aES-MaACLjD-8466 bR.32958 c48956d48956 00104070aATENEOMbATENEOMcSVId2008-01-17eSCl0oD-8466p901051521r2023-02-23 00:00:00w2023-02-23yMONOGRAFIA